Culture Générale - Série 1697 - Statistiques

Statistiques générales
  • Ce quiz a été pris 91 fois
  • Le résultat moyen est 6 sur 10
Statistiques - réponses
Question Réponse % Correct
Quelle république balte a pour capitale la ville de Riga ? Lettonie
96%
De quel oiseau l'ara est-il une espèce ? perroquet
93%
Le sigle C.H.U. signifie : "Centre hospitalier... Universitaire
91%
Avec quel organe, aussi appelé aiguillon, l'abeille inocule-t-elle son venin ? dard
87%
De quel dieu romain, représenté avec deux visages opposés, le mois de janvier tire-t-il son nom ? Janus
68%
Quel est le plus grand département français ? Guyane
54%
Quel département français porte le n° 48 ? Lozère
52%
Quel département a pour sous-préfectures Barcelonnette, Castellane et Forcalquier ? Alpes de Haute Provence
45%
En 1968, quelle "jolie fleur de Java" Georgette Plana a-t-elle chantée ? Riquita
33%
Quel chanteur français interprète le titre "Somerset Maugham", en 1981? Alain Souchon
24%
Aucun quiz correspondant
Distribution des résultats
% des personnes avec chaque résultat
Percentile par nombre de réponses
Votre historique - résultats
Vous n’avez pas pris ce quiz